Koordinačné zlúčeniny na báze chinolónov: EPR a UV-vis-NIR spektrolektrochémia pri rôznych teplotách
Salvato in:
| Autore principale: | |
|---|---|
| Altri autori: | |
| Natura: | Manoscritto Libro |
| Lingua: | slovacco |
| Pubblicazione: |
2016
|
| Soggetti: | |
| Accesso online: | http://is.stuba.sk/zp/portal_zp.pl?podrobnosti=131865 |
| Tags: |
Nessun Tag, puoi essere il primo ad aggiungerne!!
|
MARC
| LEADER | 00000ntm a22000003a 4500 | ||
|---|---|---|---|
| 001 | stuzp58329 | ||
| 003 | SK-STU | ||
| 005 | 20160719155529.8 | ||
| 007 | ta | ||
| 008 | 150427s2015----xo-----f-mn---000-0-slo-d | ||
| 040 | |a STU |b slo | ||
| 041 | 0 | |a slo | |
| 100 | 1 | |a Hubertová, Ivana |u 045210 |4 aut |U FCHPT Ústav fyzikálnej chémie a chemickej fyziky |T FCHPT Oddelenie fyzikálnej chémie |X 42620 |U C5210 |Y 117 |7 42620 | |
| 242 | 0 | 1 | |a Quinolone-based coordination compounds studied by EPR and UV-vis-NIR spectroelectrochemistry at different temperatures |y eng |
| 245 | 1 | 0 | |a Koordinačné zlúčeniny na báze chinolónov: EPR a UV-vis-NIR spektrolektrochémia pri rôznych teplotách |
| 260 | |c 2016 | ||
| 650 | 4 | |a chinolóny |2 slo | |
| 650 | 4 | |a spektroelektrochémia |2 slo | |
| 650 | 4 | |a cyklická voltampérometria |2 slo | |
| 650 | 4 | |a koordinačné zlúčeniny prechodných kovov |2 slo | |
| 650 | 4 | |a EPR spektroskopia |2 slo | |
| 650 | 4 | |a UV-vis-NIR spektroskopia |2 slo | |
| 650 | 4 | |a quinolones |2 eng | |
| 650 | 4 | |a cyclic voltammetry |2 eng | |
| 650 | 4 | |a spectroelectrochemistry |2 eng | |
| 650 | 4 | |a EPR spectroscopy |2 eng | |
| 650 | 4 | |a UV-vis-NIR spectroscopy |2 eng | |
| 650 | 4 | |a transition metal complexes |2 eng | |
| 700 | 1 | |a Rapta, Peter |u 045210 |k Z1 |4 ths |U FCHPT Ústav fyzikálnej chémie a chemickej fyziky |T FCHPT Oddelenie fyzikálnej chémie |X 3878 |U C5210 |Y 117 |7 A000003878 | |
| 856 | 4 | |u http://is.stuba.sk/zp/portal_zp.pl?podrobnosti=131865 | |
| SQL | |a stuzp58329 |b DDP |c SLO |d Koordinačné zlúčeniny na báze chinolónov: EPR a UV-vis-NIR spektrolektrochémia pri rôznych teplotách |e 42620 |f Hubertová, Ivana |g 045210 |h 3878 |i Rapta, Peter |j 20160606 |k 1400 |l 04 |m http://is.stuba.sk/zp/portal_zp.pl?podrobnosti=131865 |n I-TCHEM |o 4.1.14. chémia, 5.2.18. chemické technológie | ||